000 01723nam a2200325 c 4500
003 BLK
005 20190412123039.0
008 180410b bul|||||r ||||||| ||bul||
010 _aKNG00164356000
040 _aBLK
041 _aBUL
_cBUL
072 7 _2bullib
_aС
_xСтаропечатен фонд
080 _aАлманаси. Календари. Отраслови календари се класифицират по тема с определител (059). Вж и 529
_b059
_x
_z059
100 1 _aСичан-Николов, Христодул Костович
_eпърви автор
_9381356
139 _aСичан-Николов, Христодул Костович
_bС 38
245 1 0 _aМесецослов или Календар вечний
_bСобран от различни други, украшен сос много назначения потребни секому человеку и издан на болгарски за потреба на единородните / от Христодула К. Х. Сичан-Николов
_cХристодул Костович Сичан-Николов.
257 _aBGR
260 Букурещ
_c1840
_fБукурещ : В типографията на Захария Каркалеки и си
300 _a159 с.
_c20 см
380 _a0
500 _aТекст с църковнославянски шрифт Дар от Никола Даков
650 4 _aКалендари
_9158145
653 _aкалендари
659 _aС
852 _aЦб Ст 6732 * 54
856 4 _qpdf
_u
856 4 _qpdf
_u
942 _cKNG
_n0
_01
944 _aCR
_c26.08.2014
_kХристина_Везирева
944 _aED
_c07.11.2016
_kВиолета_Тройчева
999 _c157412
_d157412